Ρωμιοσύνη

Αποθηκεύτηκε σε:
Λεπτομέρειες βιβλιογραφικής εγγραφής
Κύριος συγγραφέας: Ρίτσος, Γιάννης, 1909-1990
Μορφή: Βιβλίο
Γλώσσα:Greek
Δημοσίευση: Αθήνα : Κέδρος, 1997
Έκδοση:42η εκδ.
Θέματα:
Ετικέτες: Προσθήκη ετικέτας
Δεν υπάρχουν, Καταχωρήστε ετικέτα πρώτοι!

MARC

LEADER 00000nam a2200000 i 4500
001 1/24476
008 011129s1997 gre d
020 |a 960-04-0457-7 
035 |l 10067877 
040 |a GR-MY-UA  |b gre  |e aacr 
041 0 |a gre 
082 0 |a 889.1 
100 1 |a Ρίτσος, Γιάννης,   |d 1909-1990. 
245 1 0 |a Ρωμιοσύνη /  |c Γιάννης Ρίτσος 
250 |a 42η εκδ. 
260 |a Αθήνα :   |b Κέδρος,   |c 1997 
300 |a 28 σ.;  |c 24 εκ. 
650 0 0 |a Greek poetry. 
852 |a INST  |b SAMOS  |e 20011129  |h 889.1 ΡΙΤ  |p 005300020439  |q 005300020439  |t BK  |y 0 
901 |a BIBL3-2001-3 
909 |a Σ  |b 099212 
922 |a 3ΕΛΗ  |b 200111  |c ΒΙΒΛΙΟΘΗΚΗ  |d ΚΑΡΑΣΤΑΘΗΣ 
950 |a 127-2001-11-02 
970 |a ΚΟΣΙΕΡΗΣ  |b ΧΡΗΣΤΟΣ  |z 2001/12/13